Saving Ruby King / (Record no. 353049)
[ view plain ]
| 000 -LEADER | |
|---|---|
| fixed length control field | 02234cam a2200421 i 4500 |
| 001 - CONTROL NUMBER | |
| control field | on1142755244 |
| 003 - CONTROL NUMBER IDENTIFIER | |
| control field | OCoLC |
| 005 - DATE AND TIME OF LATEST TRANSACTION | |
| control field | 20200902144454.0 |
| 008 - FIXED-LENGTH DATA ELEMENTS--GENERAL INFORMATION | |
| fixed length control field | 200210s2020 onc 000 1 eng d |
| 020 ## - INTERNATIONAL STANDARD BOOK NUMBER | |
| International Standard Book Number | 9780778305095 |
| Qualifying information | (hardcover) |
| 020 ## - INTERNATIONAL STANDARD BOOK NUMBER | |
| International Standard Book Number | 0778305090 |
| Qualifying information | (hardcover) |
| 035 ## - SYSTEM CONTROL NUMBER | |
| System control number | (OCoLC)1142755244 |
| 040 ## - CATALOGING SOURCE | |
| Original cataloging agency | TOH |
| Language of cataloging | eng |
| Description conventions | rda |
| Transcribing agency | TOH |
| Modifying agency | OCLCQ |
| -- | IZ8 |
| -- | BDX |
| -- | YU6 |
| -- | OCLCO |
| -- | ACN |
| -- | NZAUC |
| -- | UTW |
| -- | OCLCO |
| -- | LMJ |
| -- | OCLCF |
| -- | TCH |
| -- | ILC |
| -- | TXSCH |
| -- | OCLCO |
| -- | IAD |
| -- | OCLCO |
| -- | ANK |
| -- | OCLCO |
| -- | UOK |
| 049 ## - LOCAL HOLDINGS (OCLC) | |
| Holding library | UOKA |
| 050 #4 - LIBRARY OF CONGRESS CALL NUMBER | |
| Classification number | PS3623.E834 |
| Item number | S28 2020 |
| 082 04 - DEWEY DECIMAL CLASSIFICATION NUMBER | |
| Classification number | 813/.54 |
| Edition number | 23 |
| 092 ## - LOCALLY ASSIGNED DEWEY CALL NUMBER (OCLC) | |
| Classification number | F |
| 999 ## - SYSTEM CONTROL NUMBERS (KOHA) | |
| Koha Dewey Subclass [OBSOLETE] | 03595705 |
| 100 1# - MAIN ENTRY--PERSONAL NAME | |
| Personal name | West, Catherine Adel |
| Relator term | author. |
| 9 (RLIN) | 6372021 |
| 245 10 - TITLE STATEMENT | |
| Title | Saving Ruby King / |
| Statement of responsibility, etc | Catherine Adel West. |
| 264 #1 - Production, Publication, Distribution, Manufacture, and Copyright Notice. | |
| Place of production, publication, distribution, manufacture | Toronto, Ontario : |
| Name of producer, publisher, distributor, manufacturer | Park Row Books, |
| Date of production, publication, distribution, manufacture, or copyr | 2020. |
| 300 ## - PHYSICAL DESCRIPTION | |
| Extent | 312 pages ; |
| Dimensions | 24 cm |
| 336 ## - Content Type | |
| Content type term | text |
| 337 ## - Media type | |
| Media type term | unmediated |
| 338 ## - Carrier type | |
| Carrier type term | volume |
| 520 ## - SUMMARY, ETC. | |
| Summary, etc | "When Ruby King's mother is found murdered in their home in Chicago's South Side, the police dismiss it as another act of violence in a black neighborhood. But for Ruby, it's a devastating loss that leaves her on her own with her violent father. While she receives many condolences, her best friend, Layla, is the only one who understands how this puts Ruby in jeopardy. Their closeness is tested when Layla's father, the pastor of their church, demands that Layla stay away. But what is the price for turning a blind eye? In a relentless quest to save Ruby, Layla uncovers the murky loyalties and dangerous secrets that have bound their families together for generations. Only by facing this legacy of trauma head-on will Ruby be able to break free."--Publisher. |
| 650 #0 - SUBJECT ADDED ENTRY--TOPICAL TERM | |
| Topical term or geographic name as entry element | Abused children |
| Form subdivision | Fiction |
| 9 (RLIN) | 5675743 |
| 650 #0 - SUBJECT ADDED ENTRY--TOPICAL TERM | |
| Topical term or geographic name as entry element | African American women |
| Form subdivision | Fiction |
| 9 (RLIN) | 5680857 |
| 650 #0 - SUBJECT ADDED ENTRY--TOPICAL TERM | |
| Topical term or geographic name as entry element | Children of clergy |
| Form subdivision | Fiction |
| 9 (RLIN) | 5725963 |
| 650 #0 - SUBJECT ADDED ENTRY--TOPICAL TERM | |
| Topical term or geographic name as entry element | Family secrets |
| Form subdivision | Fiction |
| 9 (RLIN) | 5674538 |
| 650 #0 - SUBJECT ADDED ENTRY--TOPICAL TERM | |
| Topical term or geographic name as entry element | Fathers and daughters |
| Form subdivision | Fiction |
| 9 (RLIN) | 5673846 |
| 650 #0 - SUBJECT ADDED ENTRY--TOPICAL TERM | |
| Topical term or geographic name as entry element | Female friendship |
| Form subdivision | Fiction |
| 9 (RLIN) | 5674580 |
| 650 #0 - SUBJECT ADDED ENTRY--TOPICAL TERM | |
| Topical term or geographic name as entry element | Young women |
| Form subdivision | Fiction |
| 9 (RLIN) | 5674220 |
| 651 #0 - SUBJECT ADDED ENTRY--GEOGRAPHIC NAME | |
| Geographic name | Chicago (Ill.) |
| Form subdivision | Fiction |
| 9 (RLIN) | 5681248 |
| 651 #0 - SUBJECT ADDED ENTRY--GEOGRAPHIC NAME | |
| Geographic name | South Side (Chicago, Ill.) |
| Form subdivision | Fiction. |
| 9 (RLIN) | 6372022 |
| 655 #7 - INDEX TERM--GENRE/FORM | |
| Genre/form data or focus term | Domestic fiction |
| Source of term | lcgft |
| 9 (RLIN) | 6372023 |
| 942 ## - ADDED ENTRY ELEMENTS (KOHA) | |
| Source of classification or shelving scheme | Dewey Decimal Classification |
| Koha item type | BOOK |
| Withdrawn status | Lost status | Source of classification or shelving scheme | Damaged status | Not for loan | Collection code | Home library | Current library | Shelving location | Date acquired | Source of acquisition | Total Checkouts | Full call number | Barcode | Date last seen | Cost, replacement price | Price effective from | Koha item type |
|---|---|---|---|---|---|---|---|---|---|---|---|---|---|---|---|---|---|
| Dewey Decimal Classification | Fiction | Wasatch County Library | Wasatch County Library | First Floor | 12/17/2023 | Donation | F West | 34301002021436 | 02/29/2024 | 27.99 | 12/17/2023 | BOOK |
